000 00637nam a2200229Ia 4500
003 OSt
005 20220925220144.0
006 a|||||r|||| 00| 0
007 ta
008 220923b |||||||| |||| 00| 0 eng d
037 _cGeneral Book
040 _aRTL
_cRTL
_beng
041 _2eng
_aeng
082 _aX:8:(S:44), M0
100 _aWorrall Norman
_9284251
245 0 _aPeople and decisions
260 _aLondon
_bLongman U. K.
_c1980
300 _a254p. Glossary p.247-51
_ccm.
650 _aManagement-Behavior
_9234468
942 _hX:8:(S:44), M0
_cGB
_2CC
999 _c570658
_d570658